书目信息 |
| 题名: |
植物生物学实验指导
|
|
| 作者: | 王英典 , 刘宁 主编 | |
| 分册: | ||
| 出版信息: | 北京 高等教育出版社 2001.06 |
|
| 页数: | 179页 | |
| 开本: | 26cm | |
| 丛书名: | ||
| 单 册: | ||
| 中图分类: | Q94-33 | |
| 科图分类: | ||
| 主题词: | 植物学--研究 , 植物学--实验 | |
| 电子资源: | ||
| ISBN: | 7-04-009555-6 | |
| 000 | 00655nam0 2200217 45 | |
| 001 | 0259934761 | |
| 005 | 2002061016385392 | |
| 010 | @a7-04-009555-6@dRMB 13.40 | |
| 100 | @a20020610d2001 km y0chiy0120 ea | |
| 101 | 0 | @achi |
| 102 | @aCN@b110000 | |
| 200 | 1 | @a植物生物学实验指导@AZhi Wu Sheng Wu Xue Shi Yan Zhi Dao@f王英典,刘宁主编@Fwang ying dian,liu ning zhu bian |
| 210 | @a北京@c高等教育出版社@d2001.06 | |
| 215 | @a179页@d26cm | |
| 606 | 0 | @a植物学@x研究 |
| 606 | 0 | @a植物学@x实验 |
| 690 | @aQ94-33@v3 | |
| 701 | 0 | @a王英典@Awang ying dian@4主编 |
| 701 | 0 | @a刘宁@Aliu ning@4主编 |
| 801 | 0 | @aCN@bPFT@c20020610 |
| 905 | @a安徽大学@dQ94-33@eW430 | |
| 植物生物学实验指导/王英典,刘宁主编.-北京:高等教育出版社,2001.06 |
| 179页;26cm |
| ISBN 7-04-009555-6:RMB 13.40 |
| ● |
| 相关链接 |
|
|
|
正题名:植物生物学实验指导
索取号:Q94-33/W430
 
预约/预借
| 序号 | 登录号 | 条形码 | 馆藏地/架位号 | 状态 | 备注 |
| 1 | 362070 | 203620705 | 生命科学与工程学院资料室/ [索取号:Q94-33/W430] | 在馆 | |
| 2 | 362071 | 203620714 | 生命科学与工程学院资料室/ [索取号:Q94-33/W430] | 在馆 | |
| 3 | 362072 | 203620723 | 生命科学与工程学院资料室/ [索取号:Q94-33/W430] | 在馆 |